Zpráva pro Akademii Bertram a Mescalinda

Hlavní autor: Klusák, Jan, 1934-
Korporativní autor: Národní divadlo v Praze. Orchestr
Další autoři: Maxová, Jaroslava, 1957-, Hendrych, Aleš, 1953-, Charvát, Přemysl, 1930-2005, Gillar, Jaroslav, 1942-, Koenigsmark, Alex, 1944-2013, Březina, Jaroslav, 1968-
Jazyk: Čeština
Vydáno: Praha : Národní divadlo, [2003?]
Témata:
Fyzický popis: 1 zvuková deska (70:07) : digital ; 12 cm + 1 brožura [12 s.]
Zvukové nahrávky
Uloženo v:
LEADER 02260njm a2200505 a 4500
001 000696164
003 CZ BrMZK
005 20210507200724.0
007 sd fsngnnmmned
008 031107s2003 xr op f z cze d
028 0 1 |b Národní divadlo 
040 |a BOA001  |b cze 
041 0 |a cze  |e cze  |e cze 
047 |a op 
080 |a (086.76)  |2 MRF 
080 |a 782  |2 MRF 
100 1 |a Klusák, Jan,  |d 1934-  |7 jn19990209358  |4 cmp  |4 lbt 
245 1 0 |a Zpráva pro Akademii  |h [zvukový záznam] /  |c Jan Klusák ;  |b Bertram a Mescalinda 
260 |a Praha :  |b Národní divadlo,  |c [2003?] 
300 |a 1 zvuková deska (70:07) :  |b digital ;  |c 12 cm +  |e 1 brožura [12 s.] 
306 |a 011007 
500 |a Živá nahrávka 
500 |a Dokument nemá objednací číslo 
500 |a Text v brožuře česky a anglicky 
500 |a Na obalu: Zpráva pro Akademii. Komorní opera o jednom dějství podle povíky Franze Kafky "Ein Bericht für einem Akademie" na libreto Jaroslava Gillara a Alexe Koenigsmarka 
500 |a Na obalu: Bertram a Mescalinda aneb potrestaná věrnost též očarované housle Einsteinoy čili Krakonošův dar. Opera-pasticcio o jednom dějství 
500 |a Nahráno 28.11.2002 v Divadle Kolowrat 
500 |a Národní divadlo v Praze, sezóna 2002/2003 
500 |a Kompaktní desky 
500 |a V brožuře obsah oper 
511 0 |a Účinkují: Jaroslav Březina, Jaroslava Maxová, Aleš Hendrych ... [et al.] 
511 0 |a Orchestr Národního divadla, Přemysl Charvát, dirigent 
650 0 7 |a opery  |7 ph123760  |z Česko  |y 21. stol.  |2 czenas 
655 7 |a kompaktní desky  |7 fd201991  |2 czenas 
740 0 2 |a Bertram a Mescalinda 
700 1 |a Maxová, Jaroslava,  |d 1957-  |7 jo20010092722  |4 sng 
700 1 |a Hendrych, Aleš,  |d 1953-  |7 xx0116647  |4 sng 
700 1 |a Charvát, Přemysl,  |d 1930-2005  |7 jo2003186396  |4 cnd 
700 1 |a Gillar, Jaroslav,  |d 1942-  |7 jk01032432  |4 lbt 
700 1 |a Koenigsmark, Alex,  |d 1944-2013  |7 jk01061072  |4 lbt 
700 1 |a Březina, Jaroslav,  |d 1968-  |7 jn20020903019  |4 sng 
710 2 |a Národní divadlo v Praze.  |b Orchestr  |7 ko2003171957 
910 |a BOA001  |b CD-0011.297 
990 |a AV 
996 6 |b 261H012399  |c CD-0011.297  |l MZK  |r Sklad / do 24 hodin  |n 0  |w 000696164  |u 000010  |a 1  |e BOA001  |j MZK50  |s P